The civil digest (1911-1923) (Record no. 362282)

000 -LEADER
fixed length control field 00383cam a22001217a 4500
008 - FIXED-LENGTH DATA ELEMENTS--GENERAL INFORMATION
fixed length control field 180718b1924-25 xxu||||| |||| 00| 0 eng d
082 ## - DEWEY DECIMAL CLASSIFICATION NUMBER
Classification number A44x54 C448
100 ## - MAIN ENTRY--PERSONAL NAME
Personal name Chitale, V.V.
245 ## - TITLE STATEMENT
Title The civil digest (1911-1923)
Statement of responsibility, etc. by V.V. Chitale and R.N. Iyar
260 ## - PUBLICATION, DISTRIBUTION, ETC.
Place of publication, distribution, etc. Madras
Name of publisher, distributor, etc. Madras Law Journal Office
Date of publication, distribution, etc. 1924-25
650 ## - SUBJECT ADDED ENTRY--TOPICAL TERM
Topical term or geographic name entry element Law Reports, Digests, Etc. - India
700 ## - ADDED ENTRY--PERSONAL NAME
Personal name Iyar, R.N.
Holdings
Withdrawn status Lost status Damaged status Not for loan Permanent Location Current Location Date acquired Full call number Barcode Date last seen Price effective from Koha item type
        Indian Institute of Public Administration Indian Institute of Public Administration 1994-03-22 A44x54 C448 10402 2018-07-21 2018-07-21 Book

Powered by Koha